|
|
|
|
| LEADER |
01152nam a2200253 4500 |
| 001 |
31153 |
| 003 |
BD-DhAAL |
| 005 |
20211125110610.0 |
| 008 |
160621s2015 bg ||||| |||| 00| 0 eng d |
| 999 |
|
|
|c 37612
|d 37612
|
| 040 |
|
|
|a BD-DhAAL
|c BD-DhAAL
|
| 082 |
|
|
|2 23
|a 346.5492044
|
| 100 |
|
|
|a Chowdhury, Obaidul Huq
|9 19706
|
| 245 |
|
|
|a Obaidul Huq Chowdhury's the state acquisition & tenancy Act /
|c Obaidul Huq Chowdhury
|
| 260 |
|
|
|a Dhaka :
|b Al-Yakub Press,
|c 2015
|
| 300 |
|
|
|a [92] 715 pages :
|b 25 cm.
|
| 500 |
|
|
|a Spine title: State Acquisition & Tenancy Act.
|
| 526 |
|
|
|a Law
|
| 541 |
|
|
|e 31153, 31154
|
| 600 |
|
|
|a Land reform
|x Law and legislation
|z Bangladesh.
|9 19707
|
| 650 |
|
|
|a Law.
|9 43132
|
| 942 |
|
|
|2 ddc
|c BK
|
| 952 |
|
|
|0 0
|1 0
|2 ddc
|4 0
|6 346_549204400000000_CHO
|7 0
|9 59145
|a BRACUL
|b BRACUL
|c GEN
|d 2016-06-19
|e Hye Trade International
|g 1100.00
|l 11
|m 64
|o 346.5492044 CHO
|p 3010031153
|r 2025-05-12
|s 2025-05-08
|t 1
|v 1100.00
|w 2016-06-19
|y BK
|
| 952 |
|
|
|0 0
|1 0
|2 ddc
|4 0
|6 346_549204400000000_CHO
|7 0
|9 59146
|a BRACUL
|b BRACUL
|c GEN
|d 2016-06-19
|e Hye Trade International
|g 1100.00
|l 13
|m 43
|o 346.5492044 CHO
|p 3010031154
|r 2025-06-01
|s 2025-04-20
|t 2
|v 1100.00
|w 2016-06-19
|y BK
|